| 000 | 00694nam a2200253 a 4500 | ||
|---|---|---|---|
| 001 | adlib96000001 | ||
| 003 | ViArRB | ||
| 005 | 200902210153555.7 | ||
| 008 | 960221s1955 dcuabcdjdbkoqu001 0deng d | ||
| 020 | _a | ||
| 022 | _a | ||
| 040 | _aAdlib | ||
| 082 | _a347.795.3 | ||
| 245 | _aInternatinoal Conventions of Merchant Shipping | ||
| 250 | _a2nd ed | ||
| 260 |
_aLondon _bStevens & SMS _c1973 |
||
| 300 |
_a1697 p. _c |
||
| 500 | _a | ||
| 100 |
_aNagendra Singh _e |
||
| 700 |
_a _a |
||
| 942 | _cBK | ||
| 653 | _aInternatinoal Conventions of Merchant Shipping | ||
| 952 |
_w2010-06-16 _pG0001411 _r2010-06-16 _40 _00 _bUL _10 _o347.795.3 NAG _d2010-06-16 _70 _yBK _aUL |
||
| 999 |
_c36248 _d36247 |
||